History Quiz

Random History Quiz

Queensland Legislative Assembly Quiz Stats

 Plays Quiz not verified by Sporcle

Support Sporcle.
Go Orange.
Score 0/93 Timer 10:00
0 Plays Today
Hint Answer % Correct
CooperKate Jones
100%
South BrisbaneJackie Trad
91.7%
NanangoDeb Frecklington
83.3%
McConnelGrace Grace
83.3%
KeppelBrittany Lauga
83.3%
RedcliffeYvette D'Ath
75%
WoodbridgeCameron Dick
75%
BulimbaDi Farmer
75%
WaterfordShannon Fentiman
75%
MulgraveCurtis Pitt
75%
KurwongbahShane King
66.7%
ClayfieldTim Nicholls
66.7%
AlgesterLeeanne Enoch
58.3%
SandgateStirling Hinchliffe
58.3%
TraegerRobbie Katter
58.3%
BundambaJo-Ann Miller
58.3%
CurrumbinJann Stuckey
58.3%
MudgeerabaRos Bates
50%
HillShane Knuth
50%
EvertonTim Mander
50%
JordanCharis Mullen
50%
StrettonDuncan Pegg
50%
Mount OmmaneyJess Pugh
50%
GavenMeaghan Scanlon
50%
AspleyBart Mellish
50%
CapalabaDon Brown
41.7%
StaffordAnthony Lynham
41.7%
CaloundraMark McArdle
41.7%
MurrumbaSteven Miles
41.7%
RockhamptonBarry O'Rourke
41.7%
MundingburraCoralee O'Rourke
41.7%
Hint Answer % Correct
InalaAnnastacia Palaszczuk
41.7%
GympieTony Perrett
41.7%
MaroochydoreFiona Simpson
41.7%
KawanaJarrod Bleijie
33.3%
GreenslopesJoe Kelly
33.3%
LyttonJoan Pease
33.3%
LoganLinus Power
33.3%
IpswichJennifer Howard
25%
Surfers ParadiseJohn-Paul Langbroek
25%
NudgeeLeanne Linard
25%
CookCynthia Lui
25%
NoosaSandy Bolton
16.7%
CallideColin Boyce
16.7%
Pine RiversNikki Boyd
16.7%
WhitsundayJason Costigan
16.7%
WarregoAnn Leahy
16.7%
LockyerJim McDonald
16.7%
BuderimBrent Mickelberg
16.7%
Glass HouseAndrew Powell
16.7%
MoggillChristian Rowan
16.7%
CondaminePat Weir
16.7%
MiraniSteve Andrew
8.3%
MillerMark Bailey
8.3%
BundabergDavid Batt
8.3%
MaiwarMichael Berkman
8.3%
TheodoreMark Boothman
8.3%
GladstoneGlenn Butcher
8.3%
Barron RiverCraig Crawford
8.3%
BroadwaterDavid Crisafulli
8.3%
HinchinbrookNick Dametto
8.3%
SpringwoodMick de Brenni
8.3%
Hint Answer % Correct
Ferny GroveMark Furner
8.3%
MackayJulieanne Gilbert
8.3%
ThuringowaAaron Harper
8.3%
CairnsMichael Healy
8.3%
BurdekinDale Last
8.3%
Ipswich WestJim Madden
8.3%
MacalisterMelissa McMahon
8.3%
MansfieldCorrine McMillan
8.3%
ChatsworthSteve Minnikin
8.3%
BonneySam O'Connor
8.3%
RedlandsKim Richards
8.3%
OodgerooMark Robinson
8.3%
TooheyPeter Russo
8.3%
MorayfieldMark Ryan
8.3%
MaryboroughBruce Saunders
8.3%
Hervey BayTed Sorensen
8.3%
TownsvilleScott Stewart
8.3%
BancroftChris Whiting
8.3%
PumicestoneSimone Wilson
8.3%
BurnettStephen Bennett
0%
CoomeraMichael Crandon
0%
BurleighMichael Hart
0%
NicklinMarty Hunt
0%
Toowoomba SouthDavid Jaetzki
0%
Scenic RimJon Krause
0%
Southern DownsJames Lister
0%
GregoryLachlan Millar
0%
SouthportRob Molhoek
0%
NinderryDan Purdie
0%
Mermaid BeachRay Stevens
0%
Toowoomba NorthTrevor Watts
0%

You're not logged in!

Compare scores with friends on all Sporcle quizzes.
OR
Log In

From the Vault

Southern Hemisphere Vowel Countries

by teggers

Are these country names spelled counterclockwise in the Southern Hemisphere?

You Might Also Like...

Remove Ads.
Support Sporcle.
Get the best of Sporcle when you Go Orange. This ad-free experience offers more features, more stats, and more fun while also helping to support Sporcle. Thank you for becoming a member.

Show Comments

Extras

Created Feb 12, 2018ReportNominate
Tags:Assembly, Queensland

Top Quizzes Today


Score Distribution

Your Account Isn't Verified!

In order to create a playlist on Sporcle, you need to verify the email address you used during registration. Go to your Sporcle Settings to finish the process.

Report this User

Report this user for behavior that violates our Community Guidelines.

Details: